000 00675cab a2200229 4500
001 ABS54229
008 090401t1995 xxu||||| |||| 00| 0 eng d
035 _a(Sirsi) u9139
041 _aeng
100 _aDunn, G.
245 _aIs small really beautiful?
260 _c1995
350 _a0
490 _aCountry Landowner
_vDecember 1995, 24(1)
520 _aDiscusses the fairness of the modulation scheme, where agricultural support payments can be structured to benefit small farms.
650 _aAGRICULTURAL SUPPORT PAYMENTS
650 _aCOMMON AGRICULTURAL POLICY
650 _aMODULATION
690 _aRURAL PRACTICE
942 _n0
948 _c04/03/1997
999 _c5668
_d5668